Normal view MARC view
  • Energy Management Solutions Ltd

Entry Corporate Name

Number of records used in: 2

001 - CONTROL NUMBER

  • control field: 5812

003 - CONTROL NUMBER IDENTIFIER

  • control field: SIRSI

005 - DATE AND TIME OF LATEST TRANSACTION

  • control field: 20190806150246.0

008 - FIXED-LENGTH DATA ELEMENTS

  • fixed length control field: 091112n| acannaabn |n ana d

040 ## - CATALOGING SOURCE

  • Original cataloging agency: OSt
  • Transcribing agency: OSt

110 2# - HEADING--CORPORATE NAME

  • Corporate name or jurisdiction name as entry element: Energy Management Solutions Ltd

670 ## - SOURCE DATA FOUND

  • Source citation: Investigation of measures to improve the energy performance of a existing building, 2009